Economic Evaluation of Soviet Socialism (Record no. 6672)

MARC details
000 -LEADER
fixed length control field 00415nam a22001817i 4500
001 - CONTROL NUMBER
control field 7885
003 - CONTROL NUMBER IDENTIFIER
control field OSt
005 - DATE AND TIME OF LATEST TRANSACTION
control field 20170126082405.0
007 - PHYSICAL DESCRIPTION FIXED FIELD--GENERAL INFORMATION
fixed length control field tu
008 - FIXED-LENGTH DATA ELEMENTS--GENERAL INFORMATION
fixed length control field 161220s1982 xxu||||| |||| 00| 0 d
020 ## - INTERNATIONAL STANDARD BOOK NUMBER
International Standard Book Number 0-08-023870X
024 7# - OTHER STANDARD IDENTIFIER
Standard number or code 7885
Source of number or code RID
040 ## - CATALOGING SOURCE
Transcribing agency OSt
100 1# - MAIN ENTRY--PERSONAL NAME
Personal name Abouchar, Alan
245 00 - TITLE STATEMENT
Title Economic Evaluation of Soviet Socialism
260 ## - PUBLICATION, DISTRIBUTION, ETC.
Place of publication, distribution, etc. New York usw. :
Name of publisher, distributor, etc. Pergamon Press,
Date of publication, distribution, etc. 1982.
300 ## - PHYSICAL DESCRIPTION
Extent 151 S.
942 ## - ADDED ENTRY ELEMENTS (KOHA)
Koha item type Book
Holdings
Withdrawn status Lost status Damaged status Not for loan Home library Current library Shelving location Date acquired Inventory number Total Checkouts Full call number Barcode Date last seen Price effective from Koha item type
        WIIW WIIW Library 05/19/1982 7885   2.887 10003807 01/26/2017 01/26/2017 Book
The Vienna Instiute for International Economic Studies (wiiw)